Quizzes
Events
Quiz Creation
Community
Videos
Private Events
Remove Ads
Sign In
Join for FREE
Feedback
Dark Mode
Quiz Categories
Sports
Geography
Music
Movies
Television
Just For Fun
Miscellaneous
History
Literature
Language
Science
Gaming
Entertainment
Religion
Holiday
For Kids
Quiz Lab
Recent
Popular Today
Quiz Kudos Today
Editor Picks
Curator Picks
Quizzes by...
Day
Popularity
Type
Ratings
Length
Year
Community
Subscriptions
Recent Discussions
Orange Saloon
Badges
Playlists
Quests
Create
Leaderboards
Showdown
Live 5
Trivia Bingo
Activity
Puzzle Library
Sporcle Events
Private Events
Virtual Trivia
Globe League
Become a Host
Pub Owners
SporcleCon
Opinionation
Our Games
Videos
Blog
Mobile Apps
Partnerships
Remove Ads and Go Orange
Feedback
Movies
Disney
Marvel Cinematic Universe
Movie Resume
Movie Titles
Oscar
Actor
Actress
Director
Pixar
Role
Movie Quotes
Movie Characters
Box Office
Nominee
Best Picture
Star Wars
James Bond
Horror Movies
Movies
Disney
Marvel Cinematic Universe
Movie Resume
Movie Titles
Oscar
Actor
Actress
Director
Pixar
Role
Movie Quotes
Movie Characters
Box Office
Nominee
Best Picture
Star Wars
James Bond
Horror Movies
Random Quiz
Search Sporcle
×
Quiz Lab
Quiz Lab
Movies
Marvel
Type in answers that appear in a list
Type in answers that appear in a list
Classic
Best Score? Go Orange.
Marvel Movies Stats
Can you name all the live-action movies baced on Marvel Comics
By
McJezza98
10m
41 Questions
101 Plays
101 Plays
101 Plays
Comments
Comments
Give Quiz Kudos
Give Quiz Kudos
-
- Ratings
hide this ad
Replay
Link that replays current quiz
Next Quiz
Link to next quiz in quiz playlist
You Got
0%
They Got
Avg Score
67%
Avg Friend Score
Upgrade to see
Score Distribution
Jump to the score distribution portion of the page
Score
0/41
Timer
10:00
0
Plays Today
Year
Movie
% Correct
1944
Captain America
89.1%
1990
Captain America
89.1%
2008
Iron Man
88.1%
2002
Spider-Man
87.1%
2000
X-Men
86.1%
2010
Iron Man 2
85.1%
2013
Iron Man 3
84.2%
2004
Spider-Man 2
83.2%
2011
Thor
83.2%
2015
Avengers Age of Ultron
82.9%
2003
Hulk
82.2%
2007
Spider-Man 3
80.2%
2012
The Amazing Spider-Man
77.2%
1994
The Fantastic Four
76.2%
2005
Fantastic Four
76.2%
2006
X-Men The Last Stand
74.3%
2014
The Amazing Spider-Man 2
74.3%
2008
The Incredible Hulk
73.3%
2014
Captain America The Winter Soldier
73.3%
2013
Thor The Dark World
72.3%
2009
X-Men Origins Wolverine
70.3%
Year
Movie
% Correct
2014
X-Men Days of Future Past
69.3%
2014
Guardians of the Galaxy
69.3%
2011
X-Men First Class
67.3%
1989
The Punisher
66.3%
2004
The Punisher
66.3%
2013
The Wolverine
66.3%
2011
Captain America The First Avenger
65.3%
1998
Blade
64.4%
2007
Fantastic Four Rise of the Silver Surfer
63.4%
2002
Blade 2
62.4%
2004
Blade Trinity
60.4%
2007
Ghost Rider
59.4%
2008
Punisher War Zone
57.4%
2003
Daredevil
54.5%
1986
Howard the Duck
53.5%
2005
Elektra
46.5%
2003
X2 X-Men United
44.6%
2012
Ghost Rider Spirit of Vengeance
40.6%
2012
Avengers Assemble
36.6%
2005
Man-Thing
34.7%
Quiz Playlist
Details
Report
Send in Message
Add To Playlist
Classic:
Type in answers that appear in a list
Last Updated: Feb 16, 2017
Quiz Scoreboard
CHALLENGE
Sign Up to Join the Scoreboard
Show All
Scores
Hide
Comments
May contain spoilers
Recently Published
An Introduction to Baseball
by treessimontrees
Sports
5m
Movies - When Are They Set?
by FPL_Elf
Movies
5m
Popular People in 1961
by mucciniale
History
6m
More to Explore
Quiz From the Vault
Featured Blog Post
Where Did the Easter Bunny Come From?
hide this ad
You Might Also Like...
Tags
Marvel Quiz
Live-action
Today's Top Quizzes in Movies
Browse Movies
hide this ad
Today's Top Quizzes in Marvel
Browse Marvel
Top Contributed Quizzes in Movies
1
Pick 5 Posters: Directed by Spielberg
2
Multi-Oscar Nominations, One Movie, One Winner
3
12 Movies about Fictional 1960s Events
4
One Thing in Common: Movies
5
Sunday Crossword: Film Score Composers
6
One Thing in Common: Movies II
7
Pick 5 Posters: Lowest-Rated Spielberg
8
Three Word 'H' Movies Match Up
9
Three Word 'T' Movies Match Up
10
7-to-1: Pixar Characters
Explore More
Trending Topics
Harry Potter
Disney
Marvel
Anime
Crossword
Kpop
NBA
Song
Puzzle
Soccer
WWE
NFL
The Office
Country
Pokémon
hide this ad
More By:
McJezza98
Quiz
Plays
Rating
Category
Featured
Created
Country of Origin
118
2.00
Miscellaneous
Jan 1, 2015
Marvel Movies
101
1.75
Movies
Nov 23, 2014
Breeds of Dogs
56
2.50
Miscellaneous
Jan 2, 2015
Positions of a Standard Door
43
5.00
Just For Fun
Dec 27, 2014
Go to Creator's Profile
Score Distribution
Quiz Creator Spotlight
McJezza98
Follow
Send a Message
Quizzes Created
-
Created Quiz Play Count
-
More By This Creator
Popular Quizzes Today
1
Find the Countries of Europe - No Outlines Minefield
2
Find the US States - No Outlines Minefield
3
The Countries of the World
4
Popular People in 1961
5
US States
6
1-10 Letter E Words III
7
Find the US States
8
Risky Map Clicking: Biggest States A-Z
More Movies Quizzes
Movie Titles Abroad (1990s)
Published
Trending Quizzes
Risky Map Clicking: Least Populous States A-Z
1-10 Letter F Words
1-10 Letter G Words
One Thing in Common: United Kingdom
Risky Map Clicking: Next State Alphabetically
Recently Updated
Leaping Animals
pecheneg
Reality TV Shows (A-Z)
bhenderson79
Rickey Henderson's Hall of Fame Teammates
pecheneg
Champions League XIs: Arsenal
pecheneg
Quick Pick: Celebrities in WWE's Hall of Fame
aduchscher
A-Z Keypad Blitz II
pecheneg
Multiple Oscar Actors
pecheneg
Mystery Phrase Blitz: Oscar 'Best Actors'
pecheneg
F. Scott Fitzgerald Novels
LTH
Pick 3 Villains
ddd62291
Trending Topics
Disney
Kpop
Harry Potter
Anime
NBA
Marvel
Crossword
Song
NFL
Soccer
The Office
Puzzle
WWE
Country
Pokémon
Your Account Isn't Verified!
In order to create a playlist on Sporcle, you need to verify the email address you used during registration. Go to your
Sporcle Settings
to finish the process.
Report this User
Report this user for behavior that violates our
Community Guidelines
.
Details:
Send Report
Go to the Sporcle.com Mobile Site →
Comments